000 00473nam a2200157 4500
999 _c5859
_d5859
008 161122b xxu||||| |||| 00| 0 eng d
022 _a9770118389007
082 _aDPer 641.05 F73 Mar-Jul 2013
100 _917792
_aEscario, Anna
245 _aSultry Moroccan fare at Kasbah/
_cAnna Escario.
260 _aQuezon City:
_bABS CBN Publishing, Inc.,
_c©2013.
300 _apages 22-23;
_c30 cm.
500 _aFood.
650 0 _917793
_aRestaurants
942 _2ddc
_cPER